| 000 | 00784nam a2200205 a 4500 | ||
|---|---|---|---|
| 001 | 16805 | ||
| 003 | CO-ViMGA | ||
| 008 | 141112s2004 ck r 000 u spa d | ||
| 020 | _a970686069X | ||
| 040 |
_aCO-ViMGA _bspa _cCO-ViMGA |
||
| 082 | 0 | 4 | _a515 S738c |
| 100 | 1 |
_aStewart, James _923765 |
|
| 245 | 1 | 0 | _aCálculo de una variable . Trascendentes tempranas |
| 260 |
_aMexico, _cThomson, _c2001 |
||
| 300 | _a639.p.il | ||
| 505 | _aFunciones y modelos Límites y derivadas Reglas de derivación Aplicaciones de la derivada Integrales Aplicaciones de la integración Tecnicas de integración Otras aplicaciones de la integración Ecuaciones diferenciales Apendice A1 - 105.p. | ||
| 590 | _aForma de adquisición : Premio - Mincultura | ||
| 650 | 1 | 4 |
_aCALCULO _9470 |
| 942 |
_2ddc _cBK |
||
| 999 |
_c26455 _d26455 |
||